000 00884cam a2200205 4500
001 WB3619-42
008 000000n2000 000 0 eng u
035 _a(Sirsi) u105966
245 _aTEGoVA consults on draft European valuation standards
260 _c2000
490 _aTEGoVA Press Release
_v(pr5.teg) 8 May 2000, (5)
520 _aTEGoVA releases for public consultation the draft outline of the 2000 edition of the European Valuation Standards. Submit comments to the group before 30 June 2000. View text at http://www.tegova.org or for further information contact TEGoVA on 020 7334 3728.
590 _aWB
650 _aABOUT RICS-RELATED ORGANISATIONS-EUROPEAN GROUP OF VALUERS' ASSOCIATIONS
650 _aEUROPEAN VALUATION STANDARDS
650 _aCONSULTATION PAPER
650 _aEUROPE
690 _aVALUATION AND INVESTMENT APPRAISAL-COMMERCIAL
942 _n0
999 _c63448
_d63448